000 00784nam a2200241Ia 4500
001 9636
003 GE_BSU
008 181216s||||||||xx |||||||||||||| ||und||
040 _cGE_BSU
080 _a821.353.1-1
100 _aლეონიძე,გიორგი
245 _aრჩეული
245 _bლექსები და პოემები
245 _cრედ:ბერულავა,ხ.მხატვ:გორდელაძე,დ
260 _aთბილისი.
260 _bსაბჭ.საქართველო
260 _c1960
300 _a195გვ.28სმ.1ფ პორტრ.
300 _bფაქს
653 _aლექსები და პოემები
653 _aრჩეული
942 _cBK
999 _c42920
_d42920